[Event "Box Hill op"]
[Site "Box Hill"]
[Date "2001.10.19"]
[Round "7.35"]
[White "Elbrish, Sam"]
[Black "Mihalopoulos, Jason"]
[Result "1-0"]
[WhiteElo "1476"]
[BlackElo "920"]
[PlyCount "44"]
[EventDate "2001.09.??"]
[EventType "swiss"]
[EventRounds "7"]
[EventCountry "AUS"]
[SourceTitle "EXT 2003"]
[Source "ChessBase"]
[SourceDate "2002.11.25"]
[SourceVersion "1"]
[SourceVersionDate "2002.11.25"]
[SourceQuality "1"]

1. e4 d5 2. exd5 Nf6 3. c4 e6 4. Qe2 Bd6 5. dxe6 Bxe6 6. d3 0-0 7. h3 Nbd7 8. Be3 Qe7 9. Qd2 Rfe8 10. Be2 Bb4 11. Nc3 Rad8 12. a3 Bc5 13. d4 Nb6 14. Nf3 Bxc4 15. 0-0 Ne4 16. Nxe4 Qxe4 17. Rac1 Bxe2 18. Qxe2 Qe6 19. Ng5 Qd5 20. Qh5 h6 21. Qxf7+ Kh8 22. Nf3 Qe4 1-0

[Event "Box Hill op"]
[Site "Box Hill"]
[Date "2001.10.05"]
[Round "5.29"]
[White "Elbrish, Sam"]
[Black "Wan, James"]
[Result "0-1"]
[WhiteElo "1476"]
[BlackElo "1200"]
[PlyCount "86"]
[EventDate "2001.09.??"]
[EventType "swiss"]
[EventRounds "7"]
[EventCountry "AUS"]
[SourceTitle "EXT 2003"]
[Source "ChessBase"]
[SourceDate "2002.11.25"]
[SourceVersion "1"]
[SourceVersionDate "2002.11.25"]
[SourceQuality "1"]

1. e4 c5 2. Nc3 b6 3. Bc4 e6 4. Nf3 Bb7 5. Be2 g6 6. d3 Bg7 7. Nb5 d6 8. Rb1 a6 9. Nc3 Qd7 10. h3 b5 11. a3 a5 12. Ra1 b4 13. axb4 axb4 14. Rxa8 Bxa8 15. Nb1 Qa4 16. c3 Qa2 17. Qc2 b3 18. Qd1 Qxb1 19. 0-0 Qa2 20. Nd2 Bxc3 21. Qxb3 Qxb3 22. Nxb3 Bg7 23. Bf4 e5 24. Bd2 Bc6 25. Na5 Ne7 26. b4 0-0 27. Nc4 Rd8 28. Bc3 Bb5 29. bxc5 dxc5 30. Nxe5 Nbc6 31. Nxc6 Nxc6 32. Bxg7 Kxg7 33. Rd1 Ne5 34. Rc1 Nxd3 35. Bxd3 Bxd3 36. Rxc5 Bxe4 37. Rc1 Rd5 38. Kh2 Rd2 39. Kg3 g5 40. Rc4 f5 41. Rc1 f4+ 42. Kg4 Kg6 43. g3 h5# 0-1

[Event "Box Hill op"]
[Site "Box Hill"]
[Date "2001.09.28"]
[Round "4.13"]
[White "Meydan, Arie"]
[Black "Elbrish, Sam"]
[Result "1-0"]
[WhiteElo "1827"]
[BlackElo "1476"]
[PlyCount "87"]
[EventDate "2001.09.??"]
[EventType "swiss"]
[EventRounds "7"]
[EventCountry "AUS"]
[SourceTitle "EXT 2003"]
[Source "ChessBase"]
[SourceDate "2002.11.25"]
[SourceVersion "1"]
[SourceVersionDate "2002.11.25"]
[SourceQuality "1"]

1. d4 d5 2. c4 c6 3. e3 Nf6 4. Nf3 Bg4 5. h3 Bh5 6. Nc3 e6 7. cxd5 exd5 8. Be2 Bb4 9. a3 Ba5 10. 0-0 0-0 11. Bd2 Bc7 12. b4 a6 13. Ne5 Bxe2 14. Nxe2 Ne4 15. f3 Nxd2 16. Qxd2 Re8 17. f4 Qe7 18. Rf3 Nd7 19. Raf1 Nf6 20. Ng3 Ne4 21. Nxe4 dxe4 22. R3f2 f5 23. Qa2+ Qe6 24. Qxe6+ Rxe6 25. g4 Rf8 26. Nd7 Rf7 27. Nc5 Rg6 28. Rg2 Bb6 29. gxf5 Rxg2+ 30. Kxg2 Bxc5 31. dxc5 Rxf5 32. Rd1 Rd5 33. Rxd5 cxd5 34. Kf2 Kf7 35. Ke2 Ke6 36. Kd2 h6 37. Kc3 g5 38. fxg5 hxg5 39. Kd4 Kf5 40. Kxd5 g4 41. hxg4+ Kxg4 42. Kxe4 Kg3 43. a4 Kg4 44. b5 1-0